000 00656nam a22002417a 4500
001 BR9600908
003 BR-BrBNA
005 20230928095209.0
007 ta
008 230509b bl.||||| |||| 00| 0 por d
040 _aBR-BrBNA
_bpor
_cBiblioteca Nacional de Agricultura
041 _a(Por)
072 _aE80
090 _ E80 BR9600908
110 1 _aServico de Aprendizagem Rural do Estado da Bahia, Salvador (Brasil)
_99305
245 1 _aAlimentacao alternativa
260 3 _aSalvador, BA (Brasil):
_c1994.
300 _a53 p.
650 _aAlimento Alternativo
650 _aCulinaria
909 _a202309
_bLucia
_c55
_dLucia Elande
942 _cBK
999 _c55121
_d55121